Subcontinental Drift: (Record no. 206741)

MARC details
000 -LEADER
fixed length control field 00623nam a22001937a 4500
005 - DATE AND TIME OF LATEST TRANSACTION
control field 20241025114045.0
010 ## - LCCN (DPL NO)
LC control number ENG-142373
020 ## - INTERNATIONAL STANDARD BOOK NUMBER
International Standard Book Number 9789354425998
Terms of availability 1150.00
035 ## - SYSTEM CONTROL NUMBER
System control number EN-125905
037 ## - SOURCE OF ACQUISITION
Source of stock number/acquisition DBAD
082 ## - DEWEY DECIMAL CLASSIFICATION NUMBER
Classification number 327.54
Edition number 1
100 ## - MAIN ENTRY--PERSONAL NAME
Personal name Basrur, Rajesh
245 ## - TITLE STATEMENT
Title Subcontinental Drift:
Remainder of title Domestic Politics and India's Foreign Policy/
Statement of responsibility, etc By Rajesh Basrur
250 ## - EDITION STATEMENT
Edition statement 1
260 ## - PUBLICATION, DISTRIBUTION, ETC. (IMPRINT)
Place of publication, distribution, etc Hyderabad
Name of publisher, distributor, etc Orient Blackswan Private Ltd
Date of publication, distribution, etc 2023
270 ## - ADDRESS
Address 3-6-752, Himayatnagar
City Hyderabad
Postal code 500029
Electronic mail address info@orintblackswan.com
300 ## - PHYSICAL DESCRIPTION
Extent xiv,252p.
Dimensions 23cm(pb)
942 ## - ADDED ENTRY ELEMENTS (KOHA)
Source of classification or shelving scheme Dewey Decimal Classification
Item type English Books
Classification part 327.54
Call number suffix BAS
Holdings
Withdrawn status Lost status Not for loan Collection code Home library Current library Date acquired Source of acquisition Cost, normal purchase price Full call number Barcode Copy number Cost, replacement price Koha item type
      Non-fiction Central Library Central Library 25/10/2024 Delivery of Books Act Division 1150.00 327.54 BAS EN-125905 1 1150.00 English Books

© Delhi Public Library
Hit Counter
free hit counter